[Event "95th Caplin Hastings Congress"]
[Site "Hastings"]
[Date "2020.01.01"]
[Round "5.28"]
[White "Balaji, Aaravamudhan"]
[Black "Anderson, John"]
[Result "1-0"]
[WhiteElo "2050"]
[BlackElo "2163"]
[Annotator "TA"]
[PlyCount "81"]
[EventDate "2019.12.28"]
[EventType "swiss"]
[EventCountry "ENG"]
[SourceTitle "playchess.com"]
[Source "ChessBase"]
[SourceQuality "1"]

{[%evp 13,81,18,24,20,22,17,22,14,20,17,16,20,19,6,25,23,34,6,41,0,41,40,56,25,52,41,45,15,224,140,227,226,225,233,224,222,219,222,312,240,317,234,295,301,336,323,337,327,299,302,336,291,340,340,390,353,456,461,535,468,465,466,474,448,482,471,456,469,533,518]} 1. d4 d5 2. c4 c6 3. Nc3 Nf6 4. cxd5 cxd5 5. Bf4 Nc6 6. e3 Bf5 7. Qb3 Na5 8. Qa4+ {D10: Slav Defence: 3 cxd5 (without early Nf3) and 3 Nc3} Bd7 9. Qc2 e6 10. Bd3 {The position is equal.} (10. Nf3 Be7 11. Bd3 Nc6 12. Qe2 Nh5 13. Be5 f6 14. Bg3 f5 15. Nd2 g6 {½-½ (29) Aronian,L (2756)-Yu,Y (2736) Riga 2019}) 10... Rc8 11. Nf3 Be7 12. O-O O-O 13. Qe2 a6 14. h3 Nc6 15. Rac1 Be8 $146 ({Predecessor:} 15... Nb4 16. Bb1 Ne4 17. Ne5 f5 18. Nxd7 Qxd7 19. Nxe4 dxe4 20. Rxc8 Rxc8 21. f3 exf3 22. Qxf3 {½-½ (35) Stefanova,A (2502)-Munguntuul,B (2434) Ankara 2012}) 16. Bh2 Kh8 17. Rfd1 Rg8 18. Ne5 g6 19. Bb1 Nxe5 20. Bxe5 Bd6 $2 (20... Rf8 $11) 21. e4 {Black must now prevent Bxd6.} dxe4 {[#]} (21... Bxe5 $16 22. dxe5 Nh5) 22. Bxd6 $1 $18 (22. Nxe4 Bxe5 23. Rxc8 (23. dxe5 Rxc1 24. Rxc1 Nxe4 $11) 23... Qxc8 $11) (22. Bxe4 $6 Bc6 $16) 22... Qxd6 23. Nxe4 Bb5 24. Nxd6 Bxe2 25. Rxc8 ({But not} 25. Nxf7+ $6 Kg7 $16) 25... Bxd1 (25... Rxc8 $142 26. Re1 (26. Nxc8 Bxd1 27. Nd6 Kg7 $16) (26. Nxf7+ Kg7 $11) 26... Rc7) 26. Nxf7+ Kg7 27. Rxg8+ Nxg8 {[%mdl 4096] Endgame KBN-KBN} 28. Nd8 Kf6 29. Nxb7 Be2 30. Nc5 Ne7 31. Be4 a5 32. f3 Bb5 33. Kf2 h6 34. a4 Be8 35. b3 {White is clearly winning.} e5 36. dxe5+ Kxe5 37. Nb7 Kd4 38. Nxa5 Kc3 39. Nb7 Kxb3 40. a5 {[%cal Ba4a5,Ba5a6][%mdl 32]} Bb5 {[#]} 41. a6 $1 {Accuracy: White = 63%, Black = 37%.} 1-0

[Event "95th Caplin Hastings Congress"]
[Site "Hastings"]
[Date "2020.01.01"]
[Round "5.29"]
[White "Sucikova, Svetlana"]
[Black "Salmons, Calum"]
[Result "1-0"]
[WhiteElo "2160"]
[BlackElo "1796"]
[Annotator "TA"]
[PlyCount "61"]
[EventDate "2019.12.28"]
[EventType "swiss"]
[EventCountry "ENG"]
[SourceTitle "playchess.com"]
[Source "ChessBase"]
[SourceQuality "1"]

{[%evp 16,61,8,0,0,-14,-10,-15,-12,-21,10,-37,-12,-35,-25,-31,-16,-25,-16,-55,-39,-58,-51,-86,-78,-128,-135,-151,0,0,62,62,227,231,470,451,516,517,497,452,524,471,661,654,641,583,1089,1060]} 1. e3 d5 2. Nf3 Nf6 3. c4 c6 4. b3 Bf5 5. Bb2 Nbd7 6. Be2 h6 7. O-O e6 8. d4 Be7 9. Nbd2 O-O {A12: English Opening: 1...c6 with b3 by White} 10. Ne5 (10. a3 a5 11. Bc3 Ne4 12. Nxe4 Bxe4 13. Qd2 a4 14. b4 dxc4 15. Bxc4 Bxf3 16. gxf3 Bd6 17. f4 {0-1 (78) Zubov,A (2623)-Jumabayev,R (2603) Bastia 2017}) 10... Nxe5 11. dxe5 Ne4 {The position is equal.} 12. Nf3 Qc7 $146 ({Predecessor:} 12... dxc4 13. Bxc4 c5 14. Qe2 {½-½ (26) Szabo,B (2414)-Grimm,D (2236) Hungary 2014}) 13. Qe1 Nc5 14. Rd1 Bc2 15. Rd2 Be4 16. Qc1 a5 {[%cal Ba7a5,Ba5a4,Ba4a3][%mdl 32]} 17. Ba1 Nd7 18. Qb2 a4 19. b4 a3 20. Qc3 {[#]} Ra4 $1 21. cxd5 {Strongly threatening d6.} exd5 $2 ({Reject} 21... Bxd5 $6 22. Rd4 $11) (21... Bxb4 $17 22. Qd4 Bxd5) 22. Rd4 $1 $11 Bxf3 ({Better is} 22... Nb6 $11) 23. gxf3 $14 Qxe5 $2 {[#]} (23... Qb6 $1 $14) 24. Qc2 $1 $18 Qg5+ $2 ({Avoid the trap} 24... Bd6 $2 25. f4 $18) (24... Rfa8) 25. Rg4 {White is clearly winning.} Rxb4 26. Rxg5 hxg5 27. Qf5 Nc5 28. Rc1 Rd8 {[#]} (28... Re8 $142 29. Rxc5 Bxc5) 29. Rxc5 $1 Bxc5 30. Bd3 g6 31. Qf6 {Accuracy: White = 53%, Black = 24%.} 1-0

[Event "95th Caplin Hastings Congress"]
[Site "Hastings"]
[Date "2020.01.01"]
[Round "5.30"]
[White "Fishbein, Mitch"]
[Black "Fryer, David W"]
[Result "1/2-1/2"]
[WhiteElo "2151"]
[BlackElo "1913"]
[Annotator "TA"]
[PlyCount "123"]
[EventDate "2019.12.28"]
[EventType "swiss"]
[EventCountry "ENG"]
[SourceTitle "playchess.com"]
[Source "ChessBase"]
[SourceQuality "1"]

{[%evp 15,123,29,38,42,56,43,60,63,115,25,22,25,33,26,28,-57,-53,-64,-45,-56,-52,-59,-69,-64,-36,-37,-31,-32,-14,-56,-60,-58,-5,-89,-95,-120,-108,-119,-51,-56,-52,-45,-34,-35,-45,-51,0,0,0,0,0,0,0,0,0,0,0,-61,-53,-64,-54,-62,-57,-125,-94,-95,-105,-95,-106,-125,-125,-107,-2,-24,-2,-27,-26,-68,-2,-2,-2,-2,0,0,0,0,0,0,0,0,0,0,0,0,0,0,0,0,0,0,0,0,0,0,0,0,0,0,51,51]} 1. Nf3 Nf6 2. c4 d6 3. d4 Nbd7 4. Nc3 e5 5. e4 c6 6. Be2 Be7 7. O-O O-O 8. d5 cxd5 9. cxd5 {A55: Old Indian Defence with Nf3 and e4} a6 10. a4 Nc5 11. Nd2 Qa5 $146 (11... a5 $14) ({Predecessor:} 11... a5 12. Bb5 Bd7 13. Qe2 g6 14. Ra3 Nh5 15. Nc4 f5 16. Bxd7 Nxd7 17. exf5 Rxf5 {0-1 (29) Rajlich,I (2395)-Ioseliani,N (2504) Germany 1999}) 12. Nb3 (12. Qc2 $16) 12... Nxb3 $11 13. Qxb3 b5 14. Bg5 {[%cal Ra4b5]} b4 15. Nb1 (15. Bxf6 $11 Bxf6 16. Nd1) 15... Nxd5 $1 $15 16. Bd2 ({Avoid the trap} 16. Qxd5 $2 Qxd5 17. exd5 Bxg5 $19) 16... Nf4 17. Bc4 $1 Rb8 18. Be3 Be6 19. Bxe6 Nxe6 ({Much weaker is} 19... fxe6 $6 20. Bxf4 exf4 21. Qxe6+ Rf7 22. Nd2 $14) 20. Nd2 {[%cal Bb1d2,Bd2c4,Bc4e3,Be3d5][%mdl 32]} Qc7 21. Rac1 Qb7 22. f3 Rfc8 23. Nc4 Nc5 (23... h6 $15) 24. Bxc5 (24. Qd1 $11) 24... Rxc5 $17 25. Qd3 Qc6 {[#] Hoping for ...Bg5.} 26. b3 f6 (26... d5 $17 27. exd5 Rxd5) 27. Rcd1 $15 Rd8 28. Ne3 Kf8 29. Nd5 a5 30. Rd2 Ke8 (30... Rc8 $15) 31. Rfd1 Bf8 32. Qe2 Rc8 33. Rd3 Rc1 34. Rxc1 Qxc1+ 35. Rd1 Qc5+ 36. Qf2 ({White should play} 36. Kh1 $11) 36... Qxf2+ 37. Kxf2 {[%mdl 4096] Endgame KRB-KRN} Rc2+ 38. Kf1 Be7 $1 39. Re1 (39. Rd3 $15) 39... Bd8 40. Re2 Rc1+ 41. Re1 Rc6 42. Re2 Kd7 43. Ke1 Bb6 (43... Rc1+ $17 44. Kd2 Ra1) 44. Kd1 Bc5 45. Rc2 Rc8 46. Ke2 Rf8 ({Better is} 46... h5 $15) 47. Kd3 $11 Rf7 48. g4 g6 49. Rg2 Kc6 50. Kc4 Bd4 51. h4 Bc5 52. h5 g5 $1 53. Rc2 Bd4 54. Kd3+ Kb7 55. Rc4 Bf2 56. Rc2 Bg1 57. Kc4 Kc6 58. Kd3+ Kb7 59. Kc4 Kc6 60. Rd2 Bd4 61. Rc2 Rf8 (61... Bc5 $11) 62. Ne7+ $1 {Accuracy: White = 59%, Black = 49%.} 1/2-1/2

[Event "95th Caplin Hastings Congress"]
[Site "Hastings"]
[Date "2020.01.01"]
[Round "5.31"]
[White "Flear, Christine"]
[Black "Eames, Robert S"]
[Result "1/2-1/2"]
[WhiteElo "2035"]
[BlackElo "2150"]
[Annotator "TA"]
[PlyCount "47"]
[EventDate "2019.12.28"]
[EventType "swiss"]
[EventCountry "ENG"]
[SourceTitle "playchess.com"]
[Source "ChessBase"]
[SourceQuality "1"]

{[%evp 12,47,12,12,19,14,16,12,22,18,29,17,45,0,5,-34,46,0,24,-5,-6,0,54,0,9,6,100,13,8,0,0,0,37,11,27,0,23,0]} 1. d4 Nf6 2. Nf3 d5 3. e3 e6 4. Bd3 c5 5. b3 Nc6 6. a3 cxd4 7. exd4 Bd6 {D05: Colle System with ...e6} 8. O-O O-O 9. Re1 (9. Bb2 Qc7 10. Qe2 b6 11. Nbd2 Bb7 12. Ne5 Rac8 13. f4 Kh8 14. Rac1 Qb8 15. Rf3 Rc7 16. Rh3 g6 17. Ndf3 {0-1 (25) Tihonov,J (2448)-Pashikian,A (2618) Rogaska Slatina 2011}) 9... Qc7 {The position is equal.} 10. Bb2 a6 11. Nbd2 b5 12. Ne5 Bb7 13. f4 g6 (13... b4 $1 $15) 14. Qf3 $146 ({Predecessor:} 14. Re3 Qb6 15. Ndf3 Rac8 16. Qe1 Kg7 17. Kf1 {0-1 (81) Troyan,J-Denton,B Dos Hermanas 2003}) 14... Rae8 15. Re2 Nh5 {[#] ...f6 is the strong threat.} 16. g3 Nd8 (16... f6 $11 17. Nxc6 Bxc6) 17. Qg4 (17. b4 $14) 17... f5 18. Qh3 Bxe5 (18... Nf6 $11) 19. Rxe5 (19. fxe5 $16 f4 20. a4) 19... Nf7 {[%cal Bd8f7,Bf7d6,Bd6e4][%mdl 32]} 20. Re2 Nd6 21. Nf3 Ne4 22. Ne5 Nhf6 23. Rf1 Qg7 24. Bc1 {Accuracy: White = 31%, Black = 36%.} 1/2-1/2

[Event "95th Caplin Hastings Congress"]
[Site "Hastings"]
[Date "2020.01.01"]
[Round "5.32"]
[White "Chapman, Matt"]
[Black "De Boer, Bas"]
[Result "1/2-1/2"]
[WhiteElo "1937"]
[BlackElo "2138"]
[Annotator "TA"]
[PlyCount "48"]
[EventDate "2019.12.28"]
[EventType "swiss"]
[EventCountry "ENG"]
[SourceTitle "playchess.com"]
[Source "ChessBase"]
[SourceQuality "1"]

{[%evp 9,48,0,0,0,-4,-15,-6,-12,0,-12,0,-4,-7,-29,-30,-28,-26,-35,-41,-38,-20,-10,33,25,48,0,15,4,6,0,8,12,15,22,39,5,31,0,43,0,18]} 1. d4 d5 2. Bf4 c5 3. e3 cxd4 4. exd4 Nc6 5. c3 Bf5 (5... Nf6 6. Nd2 Bf5 7. Ngf3 e6 8. Nh4 Bg6 9. Qb3 Qd7 10. Nxg6 hxg6 11. Bb5 Bd6 12. Bxd6 Qxd6 13. Nf3 O-O {0-1 (40) Shirov,A (2658)-Kovalenko,I (2654) Riga 2019}) 6. Nd2 {B13: Caro-Kann: Exchange Variation and Panov-Botvinnik Attack} e6 7. Qb3 Qd7 8. Ngf3 f6 9. h4 Nh6 $146 ({Predecessor:} 9... h5 10. g3 Nge7 11. a4 Ng6 12. Be3 Bd6 13. Bg2 {0-1 (57) Zakaryan,D (2387)-Gaifullin,A (2448) Yaroslavl 2018}) 10. Be2 Nf7 11. c4 dxc4 12. Nxc4 Bb4+ 13. Kf1 O-O 14. Rd1 Be4 15. Ne3 Rfd8 16. Bc4 Bd5 17. Bxd5 exd5 18. g3 Bf8 19. Rc1 Rac8 {[#] And now ...Nxd4! would win.} 20. Kg2 Nh8 21. h5 Qf7 22. Nf5 Qd7 23. Ne3 Qf7 24. Nf5 Qd7 {Accuracy: White = 52%, Black = 48%.} 1/2-1/2

[Event "95th Caplin Hastings Congress"]
[Site "Hastings"]
[Date "2020.01.01"]
[Round "5.33"]
[White "Byrn, Carsten"]
[Black "Brozel, Sacha"]
[Result "0-1"]
[WhiteElo "1919"]
[BlackElo "2188"]
[Annotator "TA"]
[PlyCount "62"]
[EventDate "2019.12.28"]
[EventType "swiss"]
[EventCountry "ENG"]
[SourceTitle "playchess.com"]
[Source "ChessBase"]
[SourceQuality "1"]

{[%evp 17,62,28,33,23,13,16,18,-8,8,-5,24,-5,6,0,19,6,0,11,0,0,37,-37,-32,-41,-33,-39,-33,-30,-22,-48,-51,-64,-46,-50,-45,-46,-43,-41,-52,-522,-515,-515,-515,-506,-506,-492,-484]} 1. d4 Nf6 2. c4 e6 3. Nf3 Bb4+ 4. Bd2 Qe7 5. g3 Nc6 6. Bg2 Bxd2+ 7. Nbxd2 O-O 8. O-O d6 9. a3 a5 10. b3 {E11: Bogo-Indian} e5 11. d5 Nb8 12. Qc2 {The position is equal.} (12. b4 Na6 13. e4 Bd7 14. Qb3 Rfb8 15. Rfb1 c6 16. dxc6 bxc6 17. Qc3 h6 {1-0 (58) Khotenashvili,B (2502)-Dzagnidze,N (2529) Huaian 2016}) 12... Na6 13. e3 Bg4 $146 ({Predecessor:} 13... c6 14. dxc6 bxc6 15. Qc3 Nc5 16. b4 Ncd7 17. Nb3 axb4 18. axb4 {0-1 (42) Portisch,F (2385)-Jakab,A (2328) Lohmar 1999}) 14. Rab1 Rfc8 15. b4 axb4 16. axb4 c6 17. dxc6 bxc6 18. h3 Bh5 19. Rfc1 (19. Nh4 $14) 19... Bg6 $36 {[%mdl 2048] Black is pushing.} 20. e4 c5 21. bxc5 Nxc5 {[%cal Rf6e4]} 22. Nh4 Ne6 {[%cal Bc5e6,Be6d4,Bd4e2][%mdl 32]} 23. Nxg6 hxg6 24. Nb3 Nd7 25. h4 Ndc5 26. Bh3 Nxb3 27. Qxb3 Nd4 28. Qb7 $2 {[%mdl 8192]} (28. Qb4 $15) 28... Qxb7 {Black is clearly winning.} 29. Rxb7 Ne2+ {[%mdl 64] [#] Double Attack} 30. Kf1 Nxc1 31. Bxc8 Rxc8 {Accuracy: White = 20%, Black = 47%.} 0-1

[Event "95th Caplin Hastings Congress"]
[Site "Hastings"]
[Date "2020.01.01"]
[Round "5.34"]
[White "Jukes, Sam"]
[Black "Graham, David B"]
[Result "0-1"]
[WhiteElo "1906"]
[BlackElo "2152"]
[Annotator "TA"]
[PlyCount "36"]
[EventDate "2019.12.28"]
[EventType "swiss"]
[EventCountry "ENG"]
[SourceTitle "playchess.com"]
[Source "ChessBase"]
[SourceQuality "1"]

{[%evp 20,50,0,-12,-5,-6,-9,-21,0,-4,4,-21,-15,-21,-30,-113,-77,-106,54,33,44,-58,-31,-29,-48,-46,-43,-175,-154,-197,-184,-730,-776]} 1. e4 e6 2. d4 d5 3. Nc3 Bb4 4. e5 Ne7 5. a3 Bxc3+ 6. bxc3 c5 7. Nf3 Qa5 8. Bd2 Nbc6 9. h4 Bd7 10. h5 h6 11. Bd3 c4 {C18: French: 3 Nc3 Bb4: Main line: 7 h4 and 7 Qg4} 12. Be2 O-O-O 13. Kf1 (13. Nh4 f6 14. f4 fxe5 15. fxe5 Rhf8 16. Bg4 Rf7 17. Rf1 Rdf8 18. Rf3 Nd8 19. Ke2 {1-0 (39) Kryvoruchko,Y (2640)-Zherebukh,Y (2586) Lvov 2011}) 13... Kb8 $146 {The position is equal.} ({Predecessor:} 13... Rdf8 14. g3 f6 15. Kg2 fxe5 16. dxe5 Rf5 17. g4 Rf7 18. Qe1 Rhf8 19. Be3 Qc7 20. Kg1 Rxf3 21. Bxf3 Rxf3 22. Kg2 Nxe5 23. Bxa7 Rf4 24. f3 Nxf3 25. Qe3 Rxg4+ {0-1 (25) Sirotanovic,O (2201)-Kovacevic,S (2164) Novi Sad 2018}) 14. Qc1 Rhf8 15. g4 f6 16. exf6 Rxf6 17. g5 {[#]} (17. Bf4+ $11 {remains equal.} Ka8 18. Qe3) 17... hxg5 $1 $17 18. Bxg5 Rf7 {Played: Rf6xf3} 0-1

[Event "95th Caplin Hastings Congress"]
[Site "Hastings"]
[Date "2020.01.01"]
[Round "5.35"]
[White "Thompson, Ian D"]
[Black "Merriman, James"]
[Result "1/2-1/2"]
[WhiteElo "2141"]
[BlackElo "1895"]
[Annotator "TA"]
[PlyCount "81"]
[EventDate "2019.12.28"]
[EventType "swiss"]
[EventCountry "ENG"]
[SourceTitle "playchess.com"]
[Source "ChessBase"]
[SourceQuality "1"]

{[%evp 9,81,14,46,46,46,39,50,0,14,8,8,11,69,21,23,13,25,22,15,15,19,0,4,3,26,12,7,-12,-21,-24,-19,-55,-28,-10,-15,-21,-20,-25,0,-14,-23,-26,-31,-37,-35,-55,-32,-31,-17,-30,-11,-26,-26,-35,-27,-31,-23,-31,0,-28,5,-62,-56,-71,-56,-55,-3,-3,0,0,0,0,0,-33]} 1. c4 b6 2. Nc3 Bb7 3. e4 e6 4. Nf3 Nf6 5. Bd3 d5 6. cxd5 {A17: English Opening: 1...Nf6 with ...Bb4} exd5 7. e5 (7. exd5 Nxd5 8. Bb5+ c6 9. Qe2+ Be7 10. Nxd5 Qxd5 11. Bc4 Qd6 12. O-O O-O 13. d4 Bf6 {½-½ (22) Harff,M (2411)-Junge,R (2270) Germany 2018}) 7... Nfd7 8. Bc2 {White is slightly better.} d4 $1 {[%cal Rd4c3]} 9. Be4 Bxe4 10. Nxe4 c5 $146 ({Black should play} 10... Nc5 $11 11. Nxc5 bxc5) ({Predecessor:} 10... Nc5 11. Nxc5 Bxc5 12. O-O O-O 13. d3 Nc6 {1-0 (33) Van Dyck,C-Weiner,M ICCF corr 1985}) 11. d3 Nc6 12. Bf4 {Black must now prevent e6!} Be7 13. O-O O-O 14. Re1 Re8 15. Qb3 {[#] aiming for e6.} Na5 16. Qa4 Nf8 17. Bd2 Nb7 18. b4 Ne6 19. a3 Qd5 20. Re2 c4 21. dxc4 Qxc4 22. Ree1 Nbc5 23. Nxc5 Nxc5 24. Qd1 Ne6 25. Qb1 d3 26. Qb2 Red8 27. Be3 Rd7 28. Rac1 {[%cal Ba1c1,Bc1c4,Bc4c6][%mdl 32]} Qg4 29. h3 Qg6 30. Rc4 Rad8 31. Qd2 b5 32. Rc6 Qe4 33. Ra6 Qa8 34. Rc1 Rc8 35. Rxc8+ (35. Rc3 $11) 35... Qxc8 $15 36. Rxa7 Rxa7 37. Bxa7 Qa6 (37... Qa8 $1 $15 38. Bc5 Nxc5 39. bxc5 Qxa3) 38. Bb8 $1 $36 {[%mdl 2048] The position is equal. Black is under pressure.} Qb6 (38... Qxa3 $5 39. Bd6 $8 Bxd6 40. exd6 Kf8 $11) 39. Bd6 $1 {[%cal Rd6e7]} Bxd6 40. exd6 Qxd6 41. Qc3 {Accuracy: White = 34%, Black = 39%.} 1/2-1/2

[Event "95th Caplin Hastings Congress"]
[Site "Hastings"]
[Date "2020.01.01"]
[Round "5.36"]
[White "Ruane, Brendan J"]
[Black "Price, Gwilym"]
[Result "0-1"]
[WhiteElo "1882"]
[BlackElo "2110"]
[Annotator "TA"]
[PlyCount "66"]
[EventDate "2019.12.28"]
[EventType "swiss"]
[EventCountry "ENG"]
[SourceTitle "playchess.com"]
[Source "ChessBase"]
[SourceQuality "1"]

{[%evp 9,66,0,0,0,15,-17,3,-16,-6,-6,-13,-20,2,-43,-30,-30,-19,-51,-16,-42,0,0,0,-80,-81,-82,68,-62,-4,-149,-150,-518,-518,-529,-541,-599,-590,-626,-620,-543,-435,-436,-368,-434,-197,-212,-193,-179,-84,-84,-85,-231,-246,-295,-270,-535,-537,-1344,-1058]} 1. b3 d6 2. g3 e5 3. Bg2 g6 4. e3 Bg7 5. Bb2 Nf6 6. Ne2 {A01: Nimzowitsch-Larsen Opening} Nc6 7. d3 Be6 8. Nd2 {The position is equal.} Qd7 9. h3 O-O 10. a3 (10. g4 Rfe8 11. Ng3 h6 12. a3 a5 13. Qe2 d5 {1-0 (64) Kamsky,G (2762)-Giri,A (2720) Beijing 2012}) 10... a5 11. Kf1 $146 ({Predecessor:} 11. Nf3 h6 12. e4 Rad8 {0-1 (41) Blatny,P (2458)-Firman,N (2505) Philadelphia 2003}) 11... h5 12. Nf3 Nh7 13. Kg1 Ne7 14. Qc1 Bh6 15. c4 c6 16. g4 (16. Nc3 $11 {keeps the balance.}) 16... hxg4 $17 17. hxg4 Kg7 ({Better is} 17... Bg7 $17) 18. Rh4 (18. d4 $14) 18... f6 (18... Bxg4 $15 19. d4 f6) 19. Kh1 (19. Nh2 $11) 19... Bxg4 20. Qg1 $2 (20. Ng3 $17) 20... Ng5 $19 21. Ned4 exd4 22. Nxd4 c5 23. f3 Bh5 24. Rxh5 gxh5 25. Ne2 Kh7 {aiming for ...Nxf3!} 26. Qh2 {[#]} Qe6 (26... h4 $142 $1 27. Qxh4 Nf5) 27. f4 Nf7 (27... Qxe3 $2 28. fxg5 f5 29. Nf4 $18) 28. Ng3 f5 ({Weaker is} 28... Qxe3 29. Be4+ f5 30. Nxf5 $11) (28... Rg8 $19 {has better winning chances.} 29. Nxh5 Rg6) 29. Nxh5 $17 {[#] Hoping for Nf6+.} Nh8 $1 30. Rg1 {[#]} (30. e4 $17 {was necessary.}) 30... Rf7 $1 $19 ({Worse is} 30... Qxe3 31. Bxb7 Nhg6 32. Nf6+ (32. Bxa8 d5 $11) 32... Rxf6 33. Bxf6 $11) 31. Bxb7 Rg8 32. Rg5 $2 (32. Rxg8 Nxg8 33. Bd5 Qxe3 34. Bxh8) 32... Qxe3 33. Qg2 Qe1+ {Accuracy: White = 23%, Black = 34%.} 0-1

[Event "95th Caplin Hastings Congress"]
[Site "Hastings"]
[Date "2020.01.01"]
[Round "5.37"]
[White "Okhai, Shabir"]
[Black "Wilson, Matthew R"]
[Result "1-0"]
[WhiteElo "2103"]
[BlackElo "1837"]
[Annotator "RC"]
[PlyCount "81"]
[EventDate "2019.12.28"]
[EventType "swiss"]
[EventCountry "ENG"]
[SourceTitle "playchess.com"]
[Source "ChessBase"]
[SourceQuality "1"]
[TimeControl "40/6600+30:3000+30"]

1. e4 {[%emt 0:09:32]} e5 {[%emt 0:09:36]} 2. Nf3 {[%emt 0:00:05]} Nf6 {[%emt 0:00:04]} 3. Nxe5 {[%emt 0:00:06]} d6 {[%emt 0:00:11]} 4. Nf3 {[%emt 0:00:05]} Nxe4 {[%emt 0:00:00]} 5. Nc3 {[%emt 0:00:16]} Nxc3 {[%emt 0:00:06]} 6. dxc3 {[%emt 0:00:05]} Be7 {[%emt 0:00:12]} 7. Be3 {[%emt 0:00:06]} Nc6 {[%emt 0:00:19]} 8. Qd2 {[%emt 0:00:27]} Be6 {[%emt 0:01:23]} 9. Bd3 {[%emt 0:05:13]} Qd7 {[%emt 0:01:33]} 10. h4 {[%emt 0:16:08]} Bf6 {[%emt 0:11:11]} 11. Ng5 {[%emt 0:05:39]} Ne5 {[%emt 0:12:10]} 12. Nxe6 {[%emt 0:16:54]} Qxe6 {[%emt 0:10:19]} 13. Bb5+ {[%emt 0:01:53]} c6 {[%emt 0:08:12]} 14. Be2 {[%emt 0:01:20]} O-O {[%emt 0:09:03]} 15. b3 {[%emt 0:05:43]} Rfe8 {[%emt 0:05:30]} 16. O-O-O {[%emt 0:14:37]} Ng4 {[%emt 0:08:51]} 17. Bxg4 {[%emt 0:03:26]} Qxg4 {[%emt 0:00:15]} 18. Kb2 {[%emt 0:06:26]} a5 {[%emt 0:08:30]} 19. f3 {[%emt 0:01:39]} Qb4 {[%emt 0:02:40]} 20. Bg5 {[%emt 0:03:13]} Bxg5 {[%emt 0:03:52]} 21. hxg5 {[%emt 0:01:12]} Qb5 {[%emt 0:05:21]} 22. f4 {[%emt 0:02:21]} d5 {[%emt 0:02:49]} 23. Qf2 {[%emt 0:03:37]} d4 {[%emt 0:09:21]} 24. Rxd4 {[%emt 0:03:32]} Re2 {[%emt 0:01:12]} 25. Qf3 {[%emt 0:01:11]} Rae8 {[%emt 0:03:59]} 26. Qh3 {[%emt 0:02:38]} h6 {[%emt 0:02:36]} 27. gxh6 {[%emt 0:00:15]} g6 {[%emt 0:01:17]} 28. h7+ {[%emt 0:00:12]} Kh8 {[%emt 0:00:12]} 29. Qh4 {[%emt 0:01:38]} Qf5 {[%emt 0:00:30]} 30. Rc1 {[%emt 0:01:21]} Rxg2 {[%emt 0:01:55]} 31. Rd8 {[%emt 0:00:57]} Rge2 {[%emt 0:00:26]} 32. Rxe8+ {[%emt 0:00:19]} Rxe8 {[%emt 0:00:05]} 33. Rd1 {[%emt 0:00:43]} g5 {[%emt 0:01:21]} 34. fxg5 {[%emt 0:00:45]} Qxh7 {[%emt 0:00:21]} 35. Qd4+ {[%emt 0:01:48]} Qg7 {[%emt 0:01:09]} 36. Qd7 {[%emt 0:00:31]} Qf8 {[%emt 0:00:57]} 37. Rh1+ {[%emt 0:00:16]} Kg8 {[%emt 0:00:13]} 38. g6 {[%emt 0:00:26]} Re7 {[%emt 0:00:17]} 39. Qh3 {[%emt 0:01:13]} Qg7 {[%emt 0:00:08]} 40. Qc8+ {[%emt 0:00:07]} Qf8 {[%emt 0:00:25]} 41. Rh8+ {[%emt 0:50:06]} 1-0

[Event "95th Caplin Hastings Congress"]
[Site "Hastings"]
[Date "2020.01.01"]
[Round "5.38"]
[White "Rice, Chris B"]
[Black "Thatte, Nishchal"]
[Result "0-1"]
[WhiteElo "2027"]
[BlackElo "1723"]
[Annotator "NA RC"]
[PlyCount "74"]
[EventDate "2019.12.28"]
[EventType "swiss"]
[EventCountry "ENG"]
[SourceTitle "playchess.com"]
[Source "ChessBase"]
[SourceQuality "1"]
[TimeControl "40/6600+30:3000+30"]

1. c4 {[%emt 0:15:52]} e5 {[%emt 0:09:35]} 2. g3 {[%emt 0:00:15]} Nf6 {[%emt 0:00:08]} 3. Bg2 {[%emt 0:00:07]} d5 {[%emt 0:00:09]} 4. cxd5 {[%emt 0:00:06]} Nxd5 {[%emt 0:00:08]} 5. Nf3 {[%emt 0:03:04]} Nc6 {[%emt 0:00:10]} 6. Nc3 {[%emt 0:00:11]} Nb6 {[%emt 0:00:12]} 7. O-O {[%emt 0:00:19]} Be7 {[%emt 0:00:15]} 8. d3 {[%emt 0:01:36]} O-O {[%emt 0:00:20]} 9. a3 {[%emt 0:00:24]} a5 {[%emt 0:00:19]} 10. Be3 {[%emt 0:00:59]} Be6 {[%emt 0:00:27]} 11. Rc1 {[%emt 0:05:33]} a4 {[%emt 0:00:47] A29: English Opening: Four Knights Variation with 4 g3} 12. Nd2 {[%emt 0:06:04]} f5 {[%emt 0:00:42]} 13. Bxb6 {[%emt 0:09:26]} cxb6 {[%emt 0:00:29]} 14. Nxa4 {[%emt 0:00:49]} Bg5 $1 {[%emt 0:00:49]} 15. Nc3 {[%emt 0:06:04]} e4 {[%emt 0:00:40]} 16. f4 {[%emt 0:16:14]} (16. Kh1 Qd7 17. Rb1 Rad8 18. Nc4 Qf7 19. b3 exd3 20. exd3 {0-1 (43) Giri,A (2777)-Carlsen,M (2843) Shamkir 2018}) 16... exf3 {[%emt 0:01:08]} 17. Bxf3 $146 {[%emt 0:00:15]} ({Predecessor:} 17. Nxf3 Bxc1 18. Qxc1 h6 19. Qe3 {0-1 (45) Gheng,J (2233)-Sonis,F (2467) Karlsruhe 2019}) 17... Qd7 {[%emt 0:20:31]} 18. Rb1 {[%emt 0:05:41]} Be3+ {[%emt 0:08:32]} 19. Kh1 {[%emt 0:00:31]} Ne5 {[%emt 0:00:27]} (19... b5 $5) 20. Nc4 {[%emt 0:12:28]} Bd4 {[%emt 0:13:21]} 21. Nxe5 {[%emt 0:03:18]} Bxe5 {[%emt 0:00:23]} 22. Qd2 {[%emt 0:09:32]} Rf6 {[%emt 0:04:29]} 23. e3 {[%emt 0:01:20]} Rh6 {[%emt 0:07:14]} 24. Kg1 {[%emt 0:00:20]} g5 {[%emt 0:19:51]} 25. d4 {[%emt 0:01:05]} Bg7 {[%emt 0:04:48]} 26. Qg2 {[%emt 0:03:03]} (26. d5 $16) 26... f4 {[%emt 0:03:15]} 27. Bxb7 {[%emt 0:00:37]} Rd8 {[%emt 0:04:17]} 28. Bc6 {[%emt 0:07:30]} Qe7 {[%emt 0:03:52]} 29. Qe4 {[%emt 0:02:25]} Qf7 {[%emt 0:08:49]} 30. Rbd1 {[%emt 0:00:18]} Qh5 {[%emt 0:02:14]} 31. Rf2 {[%emt 0:01:13]} fxg3 $2 {[%emt 0:02:20]} (31... Bb3 $17 {keeps the pressure on.} 32. Re1 Re6) 32. hxg3 {[%emt 0:00:28]} Bf7 {[%emt 0:01:09]} 33. Bd5 {[%emt 0:02:14]} Bxd5 {[%emt 0:00:15]} 34. Nxd5 {[%emt 0:00:35]} Qxd1+ {[%emt 0:00:09]} 35. Rf1 {[%emt 0:00:51] [#]} Qe2 $19 {[%emt 0:00:53]} 36. Ne7+ {[%emt 0:02:17]} Kh8 {[%emt 0:00:05]} 37. Rf2 {[%emt 0:00:20]} Qe1+ {[%emt 0:00:05]} 0-1